Letters With to Mr Wilkies - Mr h S Woodfall Ed By George Woodfall (Record no. 484)

MARC details
000 -LEADER
fixed length control field 00398nam a2200133Ia 4500
008 - FIXED-LENGTH DATA ELEMENTS--GENERAL INFORMATION
fixed length control field 211109s9999||||xx |||||||||||||| ||und||
082 ## - DEWEY DECIMAL CLASSIFICATION NUMBER
Classification number 826
Item number JUN-L
100 ## - MAIN ENTRY--PERSONAL NAME
Personal name Junius,
245 #0 - TITLE STATEMENT
Title Letters With to Mr Wilkies - Mr h S Woodfall Ed By George Woodfall
260 ## - PUBLICATION, DISTRIBUTION, ETC.
Name of publisher, distributor, etc. George Routledge
Place of publication, distribution, etc. London
Date of publication, distribution, etc. 1950
630 ## - SUBJECT ADDED ENTRY--UNIFORM TITLE
General subdivision General Stack
650 ## - SUBJECT ADDED ENTRY--TOPICAL TERM
Topical term or geographic name entry element English Litertaure
942 ## - ADDED ENTRY ELEMENTS (KOHA)
Koha item type BOOK
650 ## - SUBJECT ADDED ENTRY--TOPICAL TERM
Form subdivision English Letters
General subdivision English
Holdings
Withdrawn status Lost status Damaged status Not for loan Home library Current library Date acquired Cost, normal purchase price Total Checkouts Full call number Barcode Shelving location Date last seen Price effective from Koha item type
        SB LIBRARY SB LIBRARY 09/11/2021 6.00   826 JUN-L 00000484 GENERAL STACK 09/11/2021 09/11/2021 BOOK

Powered by Koha